• 首页
  • 本馆介绍
  • 公告通知
  • 最新文献
  • 馆藏检索
  • 电子资源
  • 读者导购
  • 参考咨询
  • 我的图书馆
  • 登录
  • 详细信息显示
  • 放入我的书架
  • 预约/预借图书
  • 作者相关作品
  • 分类相关作品
  • 丛书相关作品
  • 出版社相关作品

书目信息

  • 表格格式
  • 工作单格式
  • 卡片格式
题名:
屈宋古音義
    
 
作者: 陈第, 撰
分册:  
出版信息: 北京   中國書店  2018
页数: 288页
开本: 27cm
丛书名: 四庫全書
单 册:
中图分类: H111
科图分类:
主题词: 楚辞--chu ci--音韵学--研究
电子资源:
ISBN: 978-7-5149-2034-5
000 01048nam 2200301 450
001 012001007780
005 20131021135624.0
010    @a978-7-5149-2034-5@dCNY68.00
099    @aCAL 012018121355
100    @a20180808d2018 em y0chiy50 ea
101 0  @achi
102    @aCN@b110000
105    @ay z 000yy
106    @ar
200 1  @a屈宋古音義@Aqu song gu yin yi@f(明) 陳第撰
210    @a北京@c中國書店@d2018
215    @a288页@d27cm
225 2  @a四庫全書@Asi ku quan shu@i小學類
308    @a封面丛书名题: 欽定四庫全書
330    @a《屈宋古音义》三卷, 明陈第撰。乃取屈原所著《离骚》等二十五篇, 除其《天问》一篇, 得二十四篇。又取宋玉《九辩》九篇、《招魂》一篇, 益以《文选》所载《高唐赋》、《神女赋》、《风赋》、《登徒子好色赋》四篇, 得十四篇, 共三十八篇。
410  0 @12001 @a四庫全書@i小學類
518 1  @a屈宋古音义
606 0  @a楚辞@Achu ci@x音韵学@x研究
690    @aH111@v5
701  0 @a陈第,@Achen di@f明代@4撰
730 1  @a陳第@Achen di@4撰
801  0 @aCN@b上海新华@c20191020
905    @b1177375-9@dH111@e123@f5
    
    屈宋古音義/(明) 陳第撰.-北京:中國書店,2018
    288页;27cm.-(四庫全書.小學類)
    
    
    ISBN 978-7-5149-2034-5:CNY68.00
    《屈宋古音义》三卷, 明陈第撰。乃取屈原所著《离骚》等二十五篇, 除其《天问》一篇, 得二十四篇。又取宋玉《九辩》九篇、《招魂》一篇, 益以《文选》所载《高唐赋》、《神女赋》、《风赋》、《登徒子好色赋》四篇, 得十四篇, 共三十八篇。
●
相关链接 在E读中查询图书 在五车中查询图书 在当当中查询图书 在豆瓣中查询图书


正题名:屈宋古音義     索取号:H111/123         预约/预借

序号 登录号 条形码 馆藏地/架位号 状态 备注
1 1177375   211773758   第二样本阅览室/ [索取号:H111/123] 在馆    
2 1177376   211773767   第四借阅区/ [索取号:H111/123] 在馆    
3 1177377   211773776   第四借阅区/ [索取号:H111/123] 在馆    
4 1177378   211773785   第四借阅区/ [索取号:H111/123] 在馆    
5 1177379   211773794   第四借阅区/ [索取号:H111/123] 在馆    
唐山师范学院图书馆 欢迎您!
大连网信软件有限公司© 版权所有